01936agaaa2200313 45000010005000000030009000050050017000140070009000310080040000400400023000800410013001031000047001161300026001632400029001892450194002182460022004122500022004342600115004563000034005715080155006055110091007605200516008515380016013675460013013836500055013967000059014517000050015107000062015606907IT-RoPAU20220918181229.0d cvaizq50131s9999||||xx ||| | || ||und|| aIT-RoPAUcIT-RoPAU aITALIANO aAldrich RobertgCodice regista SPICS: 1438 aQUELLA SPORCA DOZZINA aDIRTY DOZEN (THE)gT0204 aQUELLA SPORCA DOZZINAcProdotto da: Hyman Kenneth -- Sceneggiatura: Jhonson Nunnally Heller Lukas -- Diretto da: Aldrich RobertpQUELLA SPORCA DOZZINA (Rif. Codice opera principale : H6907) aDIRTY DOZEN (THE) aEdizione Standard aUSA (UK - USA)bMETRO GOLDWYN MAYER / Distribuzione: PANORAMAg"1967 (1° ed.: 2006 ; Ed. Lingua Orig.: 1967)" aDVDbsonoro, col.c143 minuti a"Fotografia: Scaife Edward; Montaggio: Luciano Michael; Musica: De Vol ; Sceneggiatura: Jhonson Nunnally Heller Lukas; Scenografia: Hutchinson W.E.; " a"Marvin Lee; Borgnine Ernest; Bronson Charles; Brown Jim; Cassavetes John; Kennedy G." a"NELL'IMMINENZA DELLO SBARCO IN NORMANDIA, IL COMANDO SUPREMO DELL'ESERCITOAMERICANO AFFIDA AL MAGGIORE JOHN REISMAN L'INCARICO DI ORGANIZZARE UN COMMANDO, COMPOSTO DA 12 MILITARI CONDANNATI ALLA PENA CAPITALE O A TRENT'ANNIDI GALERA, PER FAR SALTARE IN ARIA UN CASTELLO, SITUATO NELLA FRANCIA OCCUPATA DAI NAZISTI, NEL QUALE ALTI UFFICIALI TEDESCHI SONO SOLITI RADUNARSI IN GRAN NUMERO... VINCITORE DI UN OSCAR PER GLI EFFETTI SONORI. INSERTI SPECIALI: SPECIALI OPERATION DIRTY DOZEN; TRAILER CINEMATOGRAFICO." aPAL, STEREO aITALIANO aGUERRAeDVD-FILM [DVD]xCodice MATERIA SPICS: 9947 aAldrich Robert e(regista)gCodice regista SPICS: 1438 aDe Vol e(musica)gCodice Musica SPICS: 19696 aNathanson E.M. e(soggetto)gCodice Soggetto SPICS: 58750